000 00873nam a2200265 a 4500
001 31053
003 BD-RjUL
005 20211209051644.0
008 820506s1981 dcu b i000 0 eng
035 _a(BD-RjUL)31140
040 _aLC
_beng
_cLC
_dNU
_dBD-RjUL
041 _aeng
082 0 4 _a330.960327
_219
_bLIA 1981
100 1 _aLiebenthal, Robert.
_994409
245 1 0 _aAdjustment in low-income Africa, 1974-78 /
_cprepared by Robert Liebenthal.
260 _aWashington, D.C. (1818 H. St., N.W., Washington 20433) :
_bWorld Bank,
_cc1981.
300 _avi, 56 p. :
_bIll. ;
_c28 cm.
500 _aCover title.
504 _aBibliography: p. 56.
650 0 _aTerms of trade
_zAfrica.
_994410
651 0 _aAfrica
_xEconomic conditions
_y1960-
_96696
942 _2ddc
_cDOC
999 _c31053
_d31053